书目信息 |
| 题名: |
管子解读
|
|
| 作者: | 魏承思 著 | |
| 分册: | ||
| 出版信息: | 上海 上海人民出版社 2020.05 |
|
| 页数: | 555页 | |
| 开本: | 24cm | |
| 丛书名: | ||
| 单 册: | ||
| 中图分类: | B226.15 | |
| 科图分类: | ||
| 主题词: | 法家--fa jia | |
| 电子资源: | ||
| ISBN: | 978-7-208-16214-3 | |
| 000 | 00908nam0 2200253 450 | |
| 001 | 0100029080 | |
| 005 | 20211025120205.0 | |
| 010 | @a978-7-208-16214-3@dCNY98.00 | |
| 100 | @a20200623d2020 em y0chiy50 ea | |
| 101 | 0 | @achi |
| 102 | @aCN@b310000 | |
| 105 | @ay z 000yy | |
| 106 | @ar | |
| 200 | 1 | @a管子解读@Aguan zi jie du@e领导的智慧@f魏承思著 |
| 210 | @a上海@c上海人民出版社@d2020.05 | |
| 215 | @a555页@d24cm | |
| 330 | @a本书是作者魏承思的演讲录, 其钻研《管子》多年, 以其一贯的风格, 深入浅出, 用明白通晓的语言, 在逐一解读文本时结合现实事例, 使历史与现实、经典与生活融会贯通, 引导大众对《管子》这部国学“研究生”级别的巨著有一个明晰而全面的理解。 | |
| 517 | 1 | @a领导的智慧@Aling dao de zhi hui |
| 605 | @a管子@Aguan zi@x研究 | |
| 606 | 0 | @a法家@Afa jia |
| 690 | @aB226.15@v5 | |
| 701 | 0 | @a魏承思@Awei cheng si@4著 |
| 801 | 0 | @aCN@c20210909 |
| 905 | @a河南城建学院图书馆@dB226.15@eW578 | |
| 管子解读:领导的智慧/魏承思著.-上海:上海人民出版社,2020.05 |
| 555页;24cm |
| ISBN 978-7-208-16214-3:CNY98.00 |
| 本书是作者魏承思的演讲录, 其钻研《管子》多年, 以其一贯的风格, 深入浅出, 用明白通晓的语言, 在逐一解读文本时结合现实事例, 使历史与现实、经典与生活融会贯通, 引导大众对《管子》这部国学“研究生”级别的巨著有一个明晰而全面的理解。 |
| ● |
| 相关链接 |
|
|
|
正题名:管子解读
索取号:B226.15/W578
 
预约/预借
| 序号 | 登录号 | 条形码 | 馆藏地/架位号 | 状态 | 备注 |
| 1 | 1547624 | 215476241 | 社科库509/509社科库 13排4列4层/ [索取号:B226.15/W578] | 在馆 |